Suurin M:llä alkava kaupunki - Statistics

Yleistilastot
  • Tätä visaa on pelattu 222 kertaa
  • Keskiarvotulos 14 / 21
Vastaustilastot
Maa M-kaupunki % Oikein
Valko-Venäjä Minsk
94%
Venäjä Moskova
94%
Ruotsi Malmö
93%
Kanada Montreal
93%
Italia Milano
91%
Saksa München
88%
Ranska Marseille
85%
Yhdistynyt kuningaskunta Manchester
82%
Intia Mumbai
80%
Saudi-Arabia Mekka
79%
Kenia Mombasa
72%
Brasilia Manaus
65%
Kolumbia Medellin
65%
Nicaragua Managua
63%
Mosambik Maputo
61%
Yhdysvallat Memphis
51%
Venezuela Maracaibo
45%
Marokko Marrakech
41%
Irak Mosul
35%
Bosnia ja Hertsegovina Mostar
30%
Iran Mashhad
29%
Ehtoja vastaavia visoja ei löytynyt
Tulosjakauma
Jokaisen tuloksen saaneiden osuus
Persentiili vastausten määrän mukaan
Tuloshistoriasi
Et ole pelannut tätä visaa